| 000 | 00571nam a2200157 i 4500 | ||
|---|---|---|---|
| 001 | 129077 | ||
| 003 | ES-MaACL | ||
| 005 | 20230906193431.0 | ||
| 007 | t| | ||
| 008 | 070605s1969 sp ||||1| cat d | ||
| 100 | 1 |
_aTeixido y Balcells, José. _9109537 |
|
| 245 | 1 | 0 |
_aEstudi biográfic del gran capitá catalá Ramón Foleh de Cardona, III d'Anglesola i XVI baró de Belpuig / _cper Josep Teixidó i Balcells. |
| 260 |
_aBellpuig (Poblet) : _b[s.n.], _c1969 ( _eImp. Monástica) |
||
| 300 |
_a290 p., 7 lám., 1 map. ; _c24 cm. |
||
| 852 |
_aES-MaACL _jC-46697 _bR.69820 |
||
| 999 |
_c129077 _d129077 |
||